000 00529nam a2200229 a 4500
001 nice12345678
003 IN_TiNIC
005 20260116012314.0
008 050524s1986 dela grp 000 0 eng
020 _a
_c30
082 0 0 _a295
_bNAN
100 _aNancy,
245 _aSugar in the Milk
_b the Parsis in India
260 _aDelhi
_bISPCK
_c1986
300 _a149p
500 _aincludes index and biblioraphy
505 2 _aIndex
650 _aZoroastrianism
902 _bSRS
942 _cBK
999 _c6475
_d6475